<?xml version="1.0" encoding="UTF-8"?>
<record
    xmlns:xsi="http://www.w3.org/2001/XMLSchema-instance"
    xsi:schemaLocation="http://www.loc.gov/MARC21/slim http://www.loc.gov/standards/marcxml/schema/MARC21slim.xsd"
    xmlns="http://www.loc.gov/MARC21/slim">

  <leader>03140cam a22003015a 4500</leader>
  <controlfield tag="001">18195268</controlfield>
  <controlfield tag="005">20201128021303.0</controlfield>
  <controlfield tag="008">140620t2014    enka   frb    101 0 eng d</controlfield>
  <datafield tag="020" ind1=" " ind2=" ">
    <subfield code="a">9781782544609</subfield>
  </datafield>
  <datafield tag="020" ind1=" " ind2=" ">
    <subfield code="a">1782544607</subfield>
  </datafield>
  <datafield tag="040" ind1=" " ind2=" ">
    <subfield code="a">AU@</subfield>
    <subfield code="b">eng</subfield>
    <subfield code="c">AU@</subfield>
    <subfield code="d">OCLCO</subfield>
    <subfield code="d">YDXCP</subfield>
    <subfield code="d">IEDUB</subfield>
    <subfield code="d">BTCTA</subfield>
    <subfield code="d">CHVBK</subfield>
    <subfield code="d">NGU</subfield>
    <subfield code="d">OCLCF</subfield>
    <subfield code="d">CDX</subfield>
    <subfield code="d">DLC</subfield>
    <subfield code="d">EG-ScBUE</subfield>
  </datafield>
  <datafield tag="082" ind1="0" ind2="4">
    <subfield code="a">338.04082</subfield>
    <subfield code="2">22</subfield>
    <subfield code="b">WOM</subfield>
  </datafield>
  <datafield tag="245" ind1="0" ind2="0">
    <subfield code="a">Women's entrepreneurship in the 21st century :</subfield>
    <subfield code="b">an international multi-level research analysis /</subfield>
    <subfield code="c">edited by Kate V. Lewis ... [et al.]</subfield>
  </datafield>
  <datafield tag="260" ind1=" " ind2=" ">
    <subfield code="a">Cheltenham ;</subfield>
    <subfield code="a">Northampton :</subfield>
    <subfield code="b">Edward Elgar,</subfield>
    <subfield code="c">c.2014.</subfield>
  </datafield>
  <datafield tag="300" ind1=" " ind2=" ">
    <subfield code="a">xviii, 318 p :</subfield>
    <subfield code="b">ill ;</subfield>
    <subfield code="c">24 cm.</subfield>
  </datafield>
  <datafield tag="500" ind1=" " ind2=" ">
    <subfield code="a">Index : p. 311-318.</subfield>
  </datafield>
  <datafield tag="504" ind1=" " ind2=" ">
    <subfield code="a">Includes bibliographical references.</subfield>
  </datafield>
  <datafield tag="505" ind1="0" ind2=" ">
    <subfield code="a">Advancing theory development in venture creation: signposts for understanding gender / Candida G. Brush, Anne de Bruin and Friederike Welter -- Academic entrepreneurship: multi-level factors associated with female-led incubator projects / Diamanto Politis, Jonas Gabrielsson and &#xFFFD;Asa Lindholm Dahlstrand -- Gender congruency theory, experience of discrimination and access to finance / Natalie Sappleton -- Female entrepreneurship in rural Vietnam: an exploratory study / Cuc Nguyen, Howard Frederick and Huong Nguyen -- Women entrepreneurs in Asia: culture and the state in China and Japan / Kathryn Ibata-Arens -- Gender differences in innovation among US entrepreneurs / Alicia Robb and Susan Coleman -- A gender perspective on family business succession: case studies from France / Janice Byrne and Salma Fattoum -- Gender-based differences in the performance of Slovenian high-growth companies / Karin &#xFFFD;Sirec and Dijana Mo&#xFFFD;cnik --  Growth process of small and medium-sized manufacturing in developing countries: a study of women-owned firms in Bangladesh / Mosfeka Jomaraty and Jerry Courvisanos -- Women entrepreneurs' networking behaviors: perspectives from entrepreneurs and network managers / Claire M. Leitch and Richard T. Harrison -- Heterogeneity of spousal support for French women entrepreneurs / Stephanie Chasserio, Typhaine Leb&#xFFFD;egue and Corinne Poroli -- The divisions of labour and responsibilities in business and home among women and men copreneurs in the Czech Republic / Alena K&#xFFFD;r&#xFFFD;i&#xFFFD;zkov&#xFFFD;a, Nancy Jurik and Marie Dlouha -- Centering Caribbean women's gendered experiences and identities: a comparative analysis of female entrepreneurs in St Lucia and Trinidad and Tobago / Talia Esnard -- Self-employment and motherhood: the case of Poland / Ewa Lisowska.</subfield>
  </datafield>
  <datafield tag="520" ind1="8" ind2=" ">
    <subfield code="a">This volume takes a multi-dimensional approach to the central theme of gender and entrepreneurship today and in the future. It takes a holistic approach to exploring, via empirical and theoretical lenses, why women's involvement in venture creation matters.</subfield>
  </datafield>
  <datafield tag="650" ind1=" " ind2="7">
    <subfield code="a">Businesswomen.</subfield>
    <subfield code="2">BUEsh</subfield>
    <subfield code="9">35708</subfield>
  </datafield>
  <datafield tag="650" ind1=" " ind2="0">
    <subfield code="a">Self-employed women.</subfield>
    <subfield code="2">BUEsh</subfield>
  </datafield>
  <datafield tag="650" ind1=" " ind2="7">
    <subfield code="a">Entrepreneurship.</subfield>
    <subfield code="2">BUEsh</subfield>
    <subfield code="9">240</subfield>
  </datafield>
  <datafield tag="651" ind1=" " ind2=" ">
    <subfield code="2">BUEsh</subfield>
  </datafield>
  <datafield tag="653" ind1=" " ind2=" ">
    <subfield code="b">BUSADM</subfield>
    <subfield code="c">June2015</subfield>
    <subfield code="c">September2015</subfield>
    <subfield code="c">November2015</subfield>
  </datafield>
  <datafield tag="700" ind1="1" ind2=" ">
    <subfield code="a">Lewis, Kate V.,</subfield>
    <subfield code="e">editor.</subfield>
  </datafield>
  <datafield tag="711" ind1="2" ind2=" ">
    <subfield code="a">DIANA (Conference)</subfield>
    <subfield code="n">(7th :</subfield>
    <subfield code="d">June 2014, Stockholm, Sweden)</subfield>
  </datafield>
  <datafield tag="942" ind1=" " ind2=" ">
    <subfield code="2">ddc</subfield>
  </datafield>
  <datafield tag="999" ind1=" " ind2=" ">
    <subfield code="c">19573</subfield>
    <subfield code="d">19545</subfield>
  </datafield>
  <datafield tag="952" ind1=" " ind2=" ">
    <subfield code="0">0</subfield>
    <subfield code="1">0</subfield>
    <subfield code="2">ddc</subfield>
    <subfield code="4">0</subfield>
    <subfield code="7">0</subfield>
    <subfield code="8">Baccah</subfield>
    <subfield code="a">MAIN</subfield>
    <subfield code="b">MAIN</subfield>
    <subfield code="c">1ST</subfield>
    <subfield code="d">2015-06-10</subfield>
    <subfield code="e">Purchase</subfield>
    <subfield code="g">850.00</subfield>
    <subfield code="l">1</subfield>
    <subfield code="m">1</subfield>
    <subfield code="o">338.04082 WOM</subfield>
    <subfield code="p">000038439</subfield>
    <subfield code="r">2025-07-15 00:00:00</subfield>
    <subfield code="s">2016-03-30</subfield>
    <subfield code="v">1063.00</subfield>
    <subfield code="y">BB</subfield>
  </datafield>
  <datafield tag="952" ind1=" " ind2=" ">
    <subfield code="0">0</subfield>
    <subfield code="1">0</subfield>
    <subfield code="2">ddc</subfield>
    <subfield code="4">0</subfield>
    <subfield code="7">0</subfield>
    <subfield code="8">Baccah</subfield>
    <subfield code="a">MAIN</subfield>
    <subfield code="b">MAIN</subfield>
    <subfield code="c">1ST</subfield>
    <subfield code="d">2015-06-11</subfield>
    <subfield code="e">Purchase</subfield>
    <subfield code="l">1</subfield>
    <subfield code="o">338.04082 WOM</subfield>
    <subfield code="p">000038628</subfield>
    <subfield code="q">2025-11-20</subfield>
    <subfield code="r">2025-10-21 00:00:00</subfield>
    <subfield code="s">2025-10-21</subfield>
    <subfield code="y">BB</subfield>
  </datafield>
</record>
